000 00605nam a2200241Ia 4500
003 OSt
005 20220928140507.0
006 a|||||r|||| 00| 0
007 ta
008 220927b |||||||| |||| 00| 0 eng d
024 _a8948
037 _cTextual
040 _aSDCL
_cSDCL
_beng
041 _2eng
_aeng
082 _aB28, N1.2
100 _aStuart Alan
_9495515
245 0 _aKendall's advanced theory of statistics .
250 _a5
260 _c1991
700 _a Ord J Keith
_9454062
942 _hB28, N1.2
_cTEXL
_2CC
999 _c811711
_d811711